000 01167nam a2200349 a 4500
001 000009447
003 DO-SdBPM
005 20251017093802.0
007 ta
008 090930s2022 dr 001 0 spa
020 _a9789945510249
040 _aDO-SdBPM
_bspa
_cBPMSU
_erda
082 4 _aRD862.5
_bC355d 2022
_222
100 1 _aCastro Medina, Carlos
_eautor
_d
245 1 0 _aLa dama gris :
_bobra dramática en tres actos /
_cJesús Mariano Medrano
260 _c
264 _aSanto Domingo :
_bEditora Nacional;
_bMinisterio de Cultura
_c2022
300 _a66 páginas :
_c22 cm.
336 _atexto
_btxt
_2rdacontent
337 _asin mediación
_bn
_2rdamedia
338 _avolumen
_bnc
_2rdacarrier
490 0 _aTeatro
500 _aIncluye datos biográficos del autor en la solapa de la cubierta
586 _aPremio Anual de Teatro Cristóbal de Llerena 2021
590 _aInventariado, 2025/VM
590 _6Inventariado, 2025/VM
650 7 _aTeatro dominicana
650 7 _aLiteratura dominicana
710 2 _aMinisterio de Cultura de la República Dominicana
910 _aVMateo V. Control de calidad. BPMSU
942 _2ddc
_cBK
999 _c15460
_d15460